000 00532nam a2200181Ia 4500
001 20090
005 20260306172740.0
008 260306t2013||||xx |||||||||||||| ||spa||
041 _aESP
082 _a342.211
_bP35 T. 4 V. 2
100 _aPeces-Barba Martinez, Gregorio
_eAUT
245 0 _aHistoria de los derechos fundamentales:
_bsiglo XX, ideologías políticas y derechos humanos en el siglo XX
260 _c2013
300 _axvi, 835 páginas :
_c24 cm.
650 _aGEN
654 _aCDE
942 _cLIB
_dJUS
_fJUS
_2ddc
_n
999 _c20090
_d20090